The Efficiency and Distributional Consequences of Eighteenth Century Enclosures (Registro nro. 26634)
[ vista simple ]
| 000 -LEADER | |
|---|---|
| fixed length control field | 00367 a2200109 4500 |
| 001 - CONTROL NUMBER | |
| control field | ART_12745 |
| 005 - DATE AND TIME OF LATEST TRANSACTION | |
| control field | 20260410161909.0 |
| 008 - FIXED-LENGTH DATA ELEMENTS--GENERAL INFORMATION | |
| fixed length control field | 260409a |
| 100 1# - MAIN ENTRY--PERSONAL NAME | |
| Personal name | Allen, Robert C. |
| 245 10 - TITLE STATEMENT | |
| Title | The Efficiency and Distributional Consequences of Eighteenth Century Enclosures |
| 773 0# - HOST ITEM ENTRY | |
| Title | The Economic Journal |
| Related parts | - Vol. 92, Nº 368 (dic. 1982) |
| Record control number | REV12512 |
No hay ítems disponibles.